000 00358nam a2200133Ia 4500
008 220217s9999||||xx |||||||||||||| ||und||
020 _a0-521-00601-5
100 _aLint, Van, J.H Wilson, R.M
_93255
245 0 _aCourse in combinatorics
250 _a2nd
260 _aCambridge press
_bUnited kingdom
_c2002
300 _b495
650 _aMATHEMATICS
999 _c171260
_d171260